Production and operations management : (Record no. 6970)

MARC details
000 -LEADER
fixed length control field 00670nam a22002172 4500
001 - CONTROL NUMBER
control field 0000005284
005 - DATE AND TIME OF LATEST TRANSACTION
control field 20151217152000.0
008 - FIXED-LENGTH DATA ELEMENTS--GENERAL INFORMATION
fixed length control field 070611s xx 000 0 eng d
020 ## - INTERNATIONAL STANDARD BOOK NUMBER
International Standard Book Number 007016987X :
Terms of availability KES 6,400
040 ## - CATALOGING SOURCE
Original cataloging agency KABU
Transcribing agency KABU
050 #0 - LIBRARY OF CONGRESS CALL NUMBER
Classification number TS155
Item number .D545 1993
100 1# - MAIN ENTRY--PERSONAL NAME
Personal name Dilworth, James B.
-- 0000156490
245 10 - TITLE STATEMENT
Title Production and operations management :
Remainder of title manufacturing and services /
Statement of responsibility, etc. James B. Dilworth.
250 ## - EDITION STATEMENT
Edition statement 5th ed.
260 ## - PUBLICATION, DISTRIBUTION, ETC. (IMPRINT)
Place of publication, distribution, etc. New York :
Name of publisher, distributor, etc. McGraw-Hill,
Date of publication, distribution, etc. 1993.
300 ## - PHYSICAL DESCRIPTION
Extent xxviii, 742 p.
650 #0 - SUBJECT ADDED ENTRY--TOPICAL TERM
Topical term or geographic name as entry element Production management.
-- 0000155181
908 ## - PUT COMMAND PARAMETER (RLIN)
Put command parameter 070611
950 ## - LOCAL HOLDINGS (RLIN)
-- 1
Holdings
Withdrawn status Lost status Source of classification or shelving scheme Not for loan Home library Current library Date acquired Total Checkouts Full call number Barcode Date last seen Price effective from Koha item type
    Library of Congress Classification   Kabarak, Main Campus Kabarak, Main Campus 17/12/2015   TS155 .D545 1993 008353 17/12/2015 17/12/2015 General Collection
Designed with assistance from East African Informatics Ltd